000 00947nam a2200289 a 4500
001 000008353
003 DO-SdBNP
005 20171107094915.0
007 000008353
008 090916t1992 dr ad 001 0 spa d
040 _aBPMSU
_bspa
_cBPMSU
092 _a658.3
_bR696t
100 1 _aRodríguez Rodríguez, Víctor Melitón
245 1 3 _aEl trabajo en equipo en la administración moderna /
_cVíctor Melitón Rodríguez Rodríguez; prólogo Frank A. Friedheim.
260 _aSanto Domingo :
_bBiblioteca Nacional,
_c1992.
300 _a98 p. :
_bil. ;
_c23 cm.
490 0 _aOrfeo (2ª etapa)
500 _aIncluye notas al pie de las páginas
504 _aIncluye referencias bibliográficas (95-98 p.)
650 4 _aADMINISTRACION DE PERSONAL
700 1 _aFriedheim, Frank,
_dpról.
830 _pOrfeo
910 _a
942 _2ddc
_cBK
945 _aInventariado / 2017 VM
956 _aVMATEO
_b10
_c20150428
_lBPMSU
_h0069
999 _c7738
_d7738